Mortal Kombat 2

Podrobná bibliografia
Ďalší autori: Leonetti, John (Autor dialógov), Shou, Robin (uci), Sotová, Talisa (uci), Hessová, Sandra (uci), Remar, James (uci)
Médium: Kniha
Jazyk:čeština
Fyzický popis:1 videokazeta (94 min.) stereo, fareb., VHS systém PAL 10x19 cm
Vydavateľské údaje: Bratislava Intersonic 1998
Predmet:

MARC

LEADER 00000nam a2200000 a 4500
001 vtls001354257
003 SK-MaSNL
005 20260301010440.0
008 130606s1999 xo 0 cze
015 |a SNBJ1999/01-00007 
035 |a SNK000307688 
040 |a SNK  |b slo  |c SNK  |e AACR2 
044 |a xo  |c SK 
080 |a 791.43(73)(086.8)  |2 1981 
245 1 |a Mortal Kombat  |h videozáznam  |c réžia John Leonetti  |n 2 
260 |a Bratislava  |b Intersonic  |c 1998 
300 |a 1 videokazeta (94 min.)  |b stereo, fareb., VHS systém PAL  |c 10x19 cm 
511 |a Hrajú: Robin Shou, Talisa Sotová, Sandra Hessová, James Remar 
521 |a Mládeži do 15 r. nevhodné 
650 0 7 |a filmy sci-fi  |x videokazety  |2 SNK  |9 288449 
655 7 |a videokazety  |2 SNK  |9 70726 
700 1 |a Leonetti, John  |4 aud  |9 292269 
700 1 |a Shou, Robin  |4 uci  |9 46743 
700 1 |a Sotová, Talisa  |4 uci  |9 64750 
700 1 |a Hessová, Sandra  |4 uci  |9 292270 
700 1 |a Remar, James  |4 uci  |9 292271 
999 |c 548150  |d 550080 
952 |t P60, <03>, [BOOK], {603}  |a SNK  |b SNK  |y PREZ  |7 0  |p 17A0179919  |o snkSVC 784/2  |i snkJK 10/99  |0 0  |1 0  |4 0  |d 1999-02-03  |l 0  |r 2005-01-02 00:00:00  |w 2026-02-23